| 000 | 00690nam a2200217 i 4500 | ||
|---|---|---|---|
| 003 | DO-SdBNP | ||
| 005 | 20231115085056.0 | ||
| 007 | ta | ||
| 008 | 230810e1992 dr |||| |||| 00| 0 spa d | ||
| 040 |
_aDO-SdBNP _bspa _cBNPHU _erda |
||
| 082 | 4 |
_222 _bP964t |
|
| 245 | 0 | 0 |
_aPrograma tercer encuentro científico : _bla identidad de los pueblos de América quinientos años después / |
| 264 | 1 |
_aSanto Domingo : _bFundación Ciencia y Arte, Inc., _c1992. |
|
| 300 |
_a31 páginas ; _c20 cm. |
||
| 336 |
_2rdacontent _atexto _btxt |
||
| 337 |
_2rdamedia _asin mediación _bn |
||
| 338 |
_2rdacarrier _avolumen _bnc |
||
| 590 | _aInventariado 2023 / MF | ||
| 910 | _aBtavárez | ||
| 942 |
_2ddc _cLF2 |
||
| 999 |
_c54380 _d54380 |
||